Risø calibration quartz - a challenge for β-source calibration: an applied study with relevance for luminescence dating

Risø calibration quartz (RCQ) is used worldwide in luminescence laboratories to calibrate β-sources. RCQ is advantageous because the inherent γ-dose is determined conveniently with a blue light stimulated luminescence (BLSL) single aliquot regeneration (SAR) protocol and dose equivalents (DEs) are h...

Ausführliche Beschreibung

Gespeichert in:
Bibliographische Detailangaben
Hauptverfasser: Kadereit, Annette (VerfasserIn) , Kreutzer, Sebastian (VerfasserIn)
Dokumenttyp: Article (Journal)
Sprache:Englisch
Veröffentlicht: 21 March 2013
In: Measurement
Year: 2013, Jahrgang: 46, Heft: 7, Pages: 2238-2250
ISSN:1873-412X
DOI:10.1016/j.measurement.2013.03.005
Online-Zugang:Verlag, lizenzpflichtig, Volltext: https://doi.org/10.1016/j.measurement.2013.03.005
Verlag, lizenzpflichtig, Volltext: https://www.sciencedirect.com/science/article/pii/S0263224113000729
Volltext
Verfasserangaben:Annette Kadereit, Sebastian Kreutzer

MARC

LEADER 00000caa a2200000 c 4500
001 1753960770
003 DE-627
005 20220819162444.0
007 cr uuu---uuuuu
008 210413s2013 xx |||||o 00| ||eng c
024 7 |a 10.1016/j.measurement.2013.03.005  |2 doi 
035 |a (DE-627)1753960770 
035 |a (DE-599)KXP1753960770 
035 |a (OCoLC)1341404024 
040 |a DE-627  |b ger  |c DE-627  |e rda 
041 |a eng 
084 |a 61  |2 sdnb 
100 1 |a Kadereit, Annette  |e VerfasserIn  |0 (DE-588)102004232X  |0 (DE-627)691082618  |0 (DE-576)174891504  |4 aut 
245 1 0 |a Risø calibration quartz - a challenge for β-source calibration  |b an applied study with relevance for luminescence dating  |c Annette Kadereit, Sebastian Kreutzer 
246 3 3 |a Risø calibration quartz - a challenge for beta-source calibration 
264 1 |c 21 March 2013 
300 |a 13 
336 |a Text  |b txt  |2 rdacontent 
337 |a Computermedien  |b c  |2 rdamedia 
338 |a Online-Ressource  |b cr  |2 rdacarrier 
500 |a Gesehen am 13.04.2021 
520 |a Risø calibration quartz (RCQ) is used worldwide in luminescence laboratories to calibrate β-sources. RCQ is advantageous because the inherent γ-dose is determined conveniently with a blue light stimulated luminescence (BLSL) single aliquot regeneration (SAR) protocol and dose equivalents (DEs) are highly reproducible with standard errors of the mean of usually <2%. We report on a series of tests on the recoverability of known β-doses from RCQ and on DE-determination of γ-dosed RCQ with varying SAR-measurement parameters. Evaluated alone, these raise doubt whether the precise calibration results are systematically correct. However, it is likely that cutheat and preheat adjustment of ‘quick calibration’ as applied by staff members of the Radiation Research Division of the Technical University of Denmark when installing a new luminescence reader in a customer’s laboratory are appropriate to minimize systematic errors. This finding is suggested by comparative calibration of a β-source with RCQ and another γ-irradiated quartz. 
650 4 |a Luminescence dating 
650 4 |a Risø calibration quartz 
650 4 |a β-source calibration 
700 1 |a Kreutzer, Sebastian  |d 1980-  |e VerfasserIn  |0 (DE-588)1069452491  |0 (DE-627)821926608  |0 (DE-576)429165374  |4 aut 
773 0 8 |i Enthalten in  |t Measurement  |d Amsterdam [u.a.] : Elsevier Science, 1983  |g 46(2013), 7 vom: Aug., Seite 2238-2250  |h Online-Ressource  |w (DE-627)320404927  |w (DE-600)2000550-7  |w (DE-576)259484342  |x 1873-412X  |7 nnas  |a Risø calibration quartz - a challenge for β-source calibration an applied study with relevance for luminescence dating 
773 1 8 |g volume:46  |g year:2013  |g number:7  |g month:08  |g pages:2238-2250  |g extent:13  |a Risø calibration quartz - a challenge for β-source calibration an applied study with relevance for luminescence dating 
856 4 0 |u https://doi.org/10.1016/j.measurement.2013.03.005  |x Verlag  |x Resolving-System  |z lizenzpflichtig  |3 Volltext 
856 4 0 |u https://www.sciencedirect.com/science/article/pii/S0263224113000729  |x Verlag  |z lizenzpflichtig  |3 Volltext 
951 |a AR 
992 |a 20210413 
993 |a Article 
994 |a 2013 
998 |g 1069452491  |a Kreutzer, Sebastian  |m 1069452491:Kreutzer, Sebastian  |d 910000  |d 950000  |d 950950  |e 910000PK1069452491  |e 950000PK1069452491  |e 950950PK1069452491  |k 0/910000/  |k 1/910000/950000/  |k 2/910000/950000/950950/  |p 2  |y j 
998 |g 102004232X  |a Kadereit, Annette  |m 102004232X:Kadereit, Annette  |d 120000  |d 120700  |e 120000PK102004232X  |e 120700PK102004232X  |k 0/120000/  |k 1/120000/120700/  |p 1  |x j 
999 |a KXP-PPN1753960770  |e 3906780368 
BIB |a Y 
SER |a journal 
JSO |a {"recId":"1753960770","relHost":[{"physDesc":[{"extent":"Online-Ressource"}],"pubHistory":["1.1983 - 46.2013; Vol. 47.2014 -"],"note":["Gesehen am 08.08.2024"],"language":["eng"],"disp":"Risø calibration quartz - a challenge for β-source calibration an applied study with relevance for luminescence datingMeasurement","id":{"eki":["320404927"],"zdb":["2000550-7"],"issn":["1873-412X"]},"type":{"media":"Online-Ressource","bibl":"periodical"},"title":[{"title_sort":"Measurement","subtitle":"journal of the International Measurement Confederation (IMEKO)","title":"Measurement"}],"origin":[{"publisher":"Elsevier Science","dateIssuedDisp":"1983-","dateIssuedKey":"1983","publisherPlace":"Amsterdam [u.a.]"}],"part":{"year":"2013","extent":"13","text":"46(2013), 7 vom: Aug., Seite 2238-2250","issue":"7","volume":"46","pages":"2238-2250"},"corporate":[{"display":"International Measurement Confederation","role":"isb"}],"recId":"320404927"}],"origin":[{"dateIssuedKey":"2013","dateIssuedDisp":"21 March 2013"}],"person":[{"given":"Annette","display":"Kadereit, Annette","role":"aut","family":"Kadereit"},{"display":"Kreutzer, Sebastian","given":"Sebastian","family":"Kreutzer","role":"aut"}],"titleAlt":[{"title":"Risø calibration quartz - a challenge for beta-source calibration"}],"id":{"doi":["10.1016/j.measurement.2013.03.005"],"eki":["1753960770"]},"type":{"media":"Online-Ressource","bibl":"article-journal"},"title":[{"title":"Risø calibration quartz - a challenge for β-source calibration","title_sort":"Risø calibration quartz - a challenge for β-source calibration","subtitle":"an applied study with relevance for luminescence dating"}],"physDesc":[{"extent":"13 S."}],"name":{"displayForm":["Annette Kadereit, Sebastian Kreutzer"]},"note":["Gesehen am 13.04.2021"],"language":["eng"]} 
SRT |a KADEREITANRISOECALIB2120